[Event "Sparkassen-Open A"]
[Site "Heusenstamm, Martinsee"]
[Date "2015.11.28"]
[Round "5.55"]
[White "Bittner, Peter"]
[Black "Ovsepyan, Mikhail"]
[Result "1/2-1/2"]
[WhiteElo "1912"]
[BlackElo "1785"]
[PlyCount "23"]
[EventDate "2015.??.??"]
[WhiteTeam "SC Nied"]
[BlackTeam "SF Frankfurt"]

1. e4 c5 2. Nf3 Nc6 3. c3 d5 4. exd5 Qxd5 5. Be2 e5 6. d3 Bf5 7. O-O O-O-O 8.
Ng5 Bg6 9. Qb3 Qxb3 10. axb3 h6 11. Ne4 Nf6 12. f3 1/2-1/2

[Event "Sparkassen-Open A"]
[Site "Heusenstamm, Martinsee"]
[Date "2015.11.28"]
[Round "5.56"]
[White "Hauk, Roland"]
[Black "Rochau, Normen"]
[Result "1/2-1/2"]
[WhiteElo "1771"]
[BlackElo "1912"]
[PlyCount "92"]
[EventDate "2015.??.??"]
[WhiteTeam "SK Endingen"]
[BlackTeam "Karlsruher SF"]

1. e4 c5 2. Nf3 e6 3. d4 cxd4 4. Nxd4 Nc6 5. Nc3 Qc7 6. Ndb5 Qb8 7. Be3 a6 8.
Nd4 Nf6 9. f3 Bb4 10. Be2 O-O 11. Qd2 d5 12. exd5 Nxd5 13. a3 Ba5 14. Nxc6 bxc6
15. b4 Nxe3 16. Qxe3 Bc7 17. g3 Be5 18. Rd1 a5 19. f4 Bf6 20. Ne4 Be7 21. c3
axb4 22. axb4 Ra3 23. Qd4 h6 24. Qe5 Qa7 25. Qd4 Qa8 26. O-O Rd8 27. Qe3 Ba6
28. Rxd8+ Bxd8 29. Bxa6 Qxa6 30. Nc5 Qa7 31. Rc1 Bb6 32. Kg2 Ra2+ 33. Kh3 Qe7
34. Qe5 Bxc5 35. Qxc5 Qxc5 36. bxc5 Ra5 37. c4 Rxc5 38. Kg4 Kf8 39. Kf3 Ke7 40.
Ke4 Ra5 41. Rc2 c5 42. f5 exf5+ 43. Kd5 Kd7 44. Rb2 Kc7 45. Re2 Kd7 46. Rb2 Kc7
1/2-1/2

[Event "Sparkassen-Open A"]
[Site "Heusenstamm, Martinsee"]
[Date "2015.11.28"]
[Round "5.57"]
[White "Lotz, Ralf"]
[Black "Rüll, Michael"]
[Result "1/2-1/2"]
[WhiteElo "1904"]
[BlackElo "1759"]
[PlyCount "104"]
[EventDate "2015.??.??"]
[WhiteTeam "SC Obertshausen"]
[BlackTeam "SC Obertshausen"]

1. d4 Nf6 2. Nf3 g6 3. g3 Bg7 4. Bg2 O-O 5. O-O d6 6. c4 Nc6 7. Nc3 e5 8. dxe5
Nxe5 9. Nxe5 dxe5 10. Qxd8 Rxd8 11. Bg5 Be6 12. Ne4 Nxe4 13. Bxd8 Nd2 14. Bxc7
Nxf1 15. Rxf1 Rc8 16. Ba5 b6 17. Bc3 Bxc4 18. Rd1 Bxa2 19. Ra1 Be6 20. Rxa7 e4
21. Ra3 b5 22. Bxe4 Bh3 23. f3 b4 24. Bxb4 Bxb2 25. Rd3 Rc1+ 26. Kf2 Rf1+ 27.
Ke3 Bc1+ 28. Bd2 Bxd2+ 29. Rxd2 Rh1 30. Kf4 Rxh2 31. g4 Bf1 32. Bd3 h5 33. gxh5
Rxh5 34. Rd1 Bh3 35. Rh1 Kg7 36. Kg3 Be6 37. Rxh5 gxh5 38. Kh4 Kh6 39. Bb5 Bf5
40. e4 Bg6 41. e5 Kg7 42. Kg5 Bc2 43. Kxh5 f6 44. e6 Kf8 45. Bd7 Ke7 46. f4
Bd1+ 47. Kh4 Be2 48. Kg3 Bd1 49. f5 Bc2 50. Kf4 Bb3 51. Ke3 Bc2 52. Kf4 Bb3
1/2-1/2

[Event "Sparkassen-Open A"]
[Site "Heusenstamm, Martinsee"]
[Date "2015.11.28"]
[Round "5.58"]
[White "Blosze, Winfried"]
[Black "Wehr, Jan"]
[Result "1-0"]
[WhiteElo "1865"]
[BlackElo "1713"]
[PlyCount "51"]
[EventDate "2015.??.??"]
[WhiteTeam "SV Großauheim"]
[BlackTeam "Krefelder SK Turm"]

1. e4 Nf6 2. e5 Nd5 3. c4 Nb6 4. c5 Nd5 5. Nc3 e6 6. d4 d6 7. Nxd5 exd5 8. Be3
dxe5 9. dxe5 c6 10. b4 Be7 11. Bd3 d4 12. Bd2 Be6 13. f4 Qd7 14. Nf3 O-O 15.
O-O f6 16. exf6 Bxf6 17. Qe2 Bf5 18. Bc4+ Kh8 19. Rae1 d3 20. Qf2 Na6 21. Ne5
Bxe5 22. fxe5 g6 23. e6 Qe7 24. Bc3+ Kg8 25. Qd4 Rad8 26. Qh8# 1-0

[Event "Sparkassen-Open A"]
[Site "Heusenstamm, Martinsee"]
[Date "2015.11.28"]
[Round "5.59"]
[White "Larem, Peter"]
[Black "Bethke, Richard"]
[Result "0-1"]
[WhiteElo "1860"]
[BlackElo "1672"]
[PlyCount "116"]
[EventDate "2015.??.??"]
[WhiteTeam "SG Rödermark"]
[BlackTeam "SC Gelnhausen"]

1. e4 e5 2. d4 exd4 3. c3 d5 4. exd5 Qxd5 5. cxd4 Nc6 6. Nf3 Bg4 7. Be2 O-O-O
8. Nc3 Bb4 9. O-O Qa5 10. Be3 Bxc3 11. bxc3 Qxc3 12. Rc1 Qa5 13. h3 Be6 14. Ng5
Nxd4 15. Bxd4 Qxg5 16. Qc2 c6 17. Be3 Qg6 18. Qxg6 hxg6 19. Bxa7 Rd2 20. Bf3
Rxa2 21. Bb6 Nf6 22. Ra1 Rxa1 23. Rxa1 Kd7 24. Rd1+ Bd5 25. Bc5 Kc7 26. Be2 Re8
27. Bd3 Rd8 28. Rb1 b5 29. Be2 Ne4 30. Bb4 Ra8 31. Rc1 Ra4 32. Bf8 Bc4 33. Bxc4
Rxc4 34. Rxc4 bxc4 35. f3 Nf6 36. Bxg7 Nd5 37. Kf2 Kb6 38. Ke1 Kb5 39. Bh6 Kb4
40. Kd2 Kb3 41. Kc1 c3 42. g4 Nb4 43. h4 c2 44. Kd2 Kb2 45. Ke2 c1=Q 46. Bxc1+
Kxc1 47. h5 Nd5 48. h6 Nf6 49. g5 Nh7 50. f4 Kb2 51. Kd3 Kb3 52. Kd4 Kb4 53.
Ke5 c5 54. f5 c4 55. fxg6 fxg6 56. Ke6 c3 57. Kf7 c2 58. Kxg6 c1=Q 0-1

[Event "Sparkassen-Open A"]
[Site "Heusenstamm, Martinsee"]
[Date "2015.11.28"]
[Round "5.60"]
[White "Firinci, Erdem"]
[Black "Deppe, Leo"]
[Result "0-1"]
[WhiteElo "1612"]
[BlackElo "1852"]
[PlyCount "64"]
[EventDate "2015.??.??"]
[WhiteTeam "SF Heusenstamm"]
[BlackTeam "SC Bad Soden"]

1. e4 c6 2. d4 d5 3. e5 Bf5 4. Nf3 e6 5. Nc3 Bb4 6. Bd2 Ne7 7. Be2 O-O 8. O-O
Nd7 9. a3 Ba5 10. b4 Bc7 11. Re1 a5 12. b5 c5 13. Be3 cxd4 14. Bxd4 Qb8 15. Bd3
Bg4 16. Na4 Bxf3 17. Qxf3 Nxe5 18. Qg3 N5g6 19. Qh3 e5 20. Bc5 e4 21. Bxe7 Nxe7
22. Be2 f5 23. Nc5 Qc8 24. Nb3 Rf6 25. Qe3 Rh6 26. g3 f4 27. gxf4 Bb6 28. Nd4
Bxd4 29. Qxd4 Qh3 30. Bd1 Rg6+ 31. Bg4 Rxg4+ 32. Kh1 Qg2# 0-1

[Event "Sparkassen-Open A"]
[Site "Heusenstamm, Martinsee"]
[Date "2015.11.28"]
[Round "5.61"]
[White "Kilthau, Peter"]
[Black "Köllner, Aaron Noah"]
[Result "1-0"]
[WhiteElo "1850"]
[BlackElo "1632"]
[PlyCount "131"]
[EventDate "2015.??.??"]
[WhiteTeam "SK Mannheim"]
[BlackTeam "SV Bergneustadt/Derschlag"]

1. e4 c5 2. Nf3 Nf6 3. Nc3 d5 4. exd5 Nxd5 5. d4 e6 6. Bg5 Qb6 7. Nxd5 exd5 8.
Qe2+ Be6 9. c3 Nc6 10. Qb5 Qxb5 11. Bxb5 a6 12. Bxc6+ bxc6 13. O-O cxd4 14.
cxd4 c5 15. Rfe1 Kd7 16. Ne5+ Kc7 17. Bf4 Kb6 18. Nf3 cxd4 19. Nxd4 Bb4 20. Re3
Rac8 21. Rb3 Ka5 22. a3 Bc5 23. a4 Bb4 24. Rd3 Kb6 25. a5+ Ka7 26. Rb3 Bc5 27.
Be3 Bxd4 28. Bxd4+ Ka8 29. Rb6 Rc4 30. Rxa6+ Kb7 31. Rb6+ Ka8 32. Rd1 Rhc8 33.
f3 Ra4 34. b4 Ra2 35. Bc5 Re8 36. Re1 Rc8 37. Rd6 Kb7 38. Kf1 Rxc5 39. bxc5
Rxa5 40. Rc1 Kc7 41. Rb6 Rxc5 42. Rxc5+ Kxb6 43. Rc1 h5 44. Ke2 Bd7 45. Ke3 Bc6
46. Kd4 Kc7 47. Kc5 Kd7 48. Ra1 Kc7 49. f4 Bb7 50. Ra3 Bc8 51. Kxd5 Be6+ 52.
Ke5 g6 53. Kf6 Kd8 54. Ra8+ Kd7 55. Rf8 Bd5 56. Rxf7+ Kd8 57. Kxg6 Bxg2 58.
Kxh5 Bc6 59. Ra7 Ke8 60. Kg6 Kf8 61. Kf6 Kg8 62. f5 Kf8 63. Rc7 Kg8 64. Rxc6
Kh8 65. Kg6 Kg8 66. Rc8# 1-0

[Event "Sparkassen-Open A"]
[Site "Heusenstamm, Martinsee"]
[Date "2015.11.28"]
[Round "5.62"]
[White "Mager, Thomas"]
[Black "Papadopoulos, Ioannis"]
[Result "0-1"]
[WhiteElo "1838"]
[BlackElo "1656"]
[PlyCount "120"]
[EventDate "2015.??.??"]
[WhiteTeam "vereinslos"]
[BlackTeam "SV Oberursel"]

1. d4 d5 2. Bf4 Nf6 3. e3 Bf5 4. Nf3 e6 5. Nbd2 Be7 6. h3 Nbd7 7. c4 O-O 8. Be2
b6 9. O-O c5 10. Nh4 Bg6 11. Nxg6 fxg6 12. Rc1 Rc8 13. cxd5 exd5 14. Ba6 Rc6
15. Nf3 h6 16. Ne5 Nxe5 17. dxe5 Nh5 18. Bb7 Rc7 19. Bxd5+ Kh7 20. Bh2 Rd7 21.
e4 Bg5 22. Rb1 Bf4 23. Qb3 Bxh2+ 24. Kxh2 Qc7 25. Qc3 Re7 26. g3 Rxe5 27. b4
Nf6 28. f4 Re7 29. bxc5 Nxe4 30. Bxe4 Rxe4 31. Qf3 Rfe8 32. h4 Qxc5 33. Rb2 Re3
34. Qd1 Qc4 35. Rg2 Re2 36. h5 Rxg2+ 37. Kxg2 Re2+ 38. Rf2 Qe4+ 39. Kf1 Rxf2+
40. Kxf2 gxh5 41. Qxh5 Qc2+ 42. Ke3 Qc3+ 43. Kf2 Qd2+ 44. Kf1 Qxa2 45. Qf5+ Kh8
46. Qc8+ Qg8 47. Qc7 Qa8 48. Kf2 b5 49. Qe7 a5 50. f5 Qc8 51. g4 b4 52. Kg3 b3
53. Kh4 Qb8 54. Kh3 Qb6 55. Qe8+ Kh7 56. Qe4 Qf6 57. Qb1 Qc3+ 58. Kh4 Qc2 59.
Qh1 b2 60. g5 Qxf5 0-1

[Event "Sparkassen-Open A"]
[Site "Heusenstamm, Martinsee"]
[Date "2015.11.28"]
[Round "5.63"]
[White "van den Hoff, Damien"]
[Black "von Kortzfleisch, Ruben"]
[Result "1-0"]
[WhiteElo "1836"]
[BlackElo "1379"]
[PlyCount "67"]
[EventDate "2015.??.??"]
[WhiteTeam "vereinslos"]
[BlackTeam "SF Bad Mergentheim"]

1. e4 c6 2. d4 d5 3. e5 Bf5 4. h4 h5 5. Nf3 Nd7 6. Be2 Qc7 7. Ng5 f6 8. e6 fxg5
9. exd7+ Qxd7 10. hxg5 h4 11. Bf4 g6 12. g3 h3 13. g4 Be6 14. f3 Bg7 15. Qd3
Bf7 16. Nd2 Qd8 17. Nb3 Qb6 18. O-O-O O-O-O 19. Qe3 Re8 20. Be5 Bxe5 21. Qxe5
Rh7 22. Qg3 Qc7 23. f4 e6 24. Nc5 Ne7 25. Nd3 Reh8 26. Rh2 b6 27. Rdh1 c5 28.
dxc5 bxc5 29. Rxh3 Rxh3 30. Rxh3 Rxh3 31. Qxh3 Nc6 32. Nxc5 Nd4 33. Qh8+ Qd8
34. Qxd4 1-0

[Event "Sparkassen-Open A"]
[Site "Heusenstamm, Martinsee"]
[Date "2015.11.28"]
[Round "5.64"]
[White "Schellen, Sven"]
[Black "Kabakci, Cem"]
[Result "1-0"]
[WhiteElo "1813"]
[BlackElo "1496"]
[PlyCount "117"]
[EventDate "2015.??.??"]
[WhiteTeam "SF Frankfurt"]
[BlackTeam "SK Handschuhsheim"]

1. d4 d5 2. c4 c6 3. Nf3 Nf6 4. g3 Bf5 5. Qb3 b6 6. Ne5 e6 7. Nc3 Nfd7 8. cxd5
Nxe5 9. dxe5 exd5 10. Bg2 Qd7 11. Bg5 h6 12. Bf4 g5 13. Bd2 Be6 14. Qc2 Na6 15.
Rd1 Nb4 16. Qb1 Bh3 17. O-O Bxg2 18. Kxg2 Be7 19. a3 Na6 20. f4 O-O-O 21. b4
Nc7 22. f5 d4 23. Be3 c5 24. bxc5 Bxc5 25. Bf2 Qc6+ 26. Qe4 Qxe4+ 27. Nxe4 Bxa3
28. Bxd4 Rhf8 29. e3 Nb5 30. Nc3 Nxc3 31. Bxc3 Rxd1 32. Rxd1 Bc5 33. Bd4 Kc7
34. Kf3 a5 35. Bxc5 bxc5 36. Rd5 Kb6 37. Rd6+ Kb5 38. Rf6 a4 39. e6 a3 40. Rxf7
Ra8 41. Rb7+ Kc6 42. Rb1 Kd6 43. Ke2 g4 44. Kd3 a2 45. Ra1 Ra3+ 46. Kc4 Rxe3
47. Rxa2 Rf3 48. Ra6+ Ke7 49. Ra7+ Ke8 50. Rf7 Rf2 51. Kxc5 Rxh2 52. Kd6 Rd2+
53. Ke5 Rd3 54. Kf6 Rxg3 55. Ra7 Rd3 56. e7 Rd6+ 57. Kg7 Rd7 58. Rxd7 g3 59.
Rd3 1-0

[Event "Sparkassen-Open A"]
[Site "Heusenstamm, Martinsee"]
[Date "2015.11.28"]
[Round "5.65"]
[White "Kunisch, Nina"]
[Black "Modric, Vladimir"]
[Result "0-1"]
[WhiteElo "1406"]
[BlackElo "1945"]
[PlyCount "94"]
[EventDate "2015.??.??"]
[WhiteTeam "TV-Großostheim"]
[BlackTeam "SC Nied"]

1. e4 Nc6 2. Nf3 d6 3. d4 Nf6 4. Nc3 g6 5. Be3 Bg7 6. h3 O-O 7. Qd2 e5 8. dxe5
dxe5 9. Rd1 Qxd2+ 10. Rxd2 a6 11. Bc5 Re8 12. Bc4 Na5 13. Be2 Bh6 14. Rd1 b6
15. Bb4 Nc6 16. Ba3 Bb7 17. O-O Rad8 18. Rxd8 Rxd8 19. Bd3 Re8 20. b3 Nd4 21.
Nxd4 exd4 22. Ne2 Bxe4 23. Nxd4 Bxd3 24. cxd3 Nd5 25. Ra1 Bg7 26. Bb2 c5 27.
Rc1 Bxd4 28. Bxd4 cxd4 29. Rc4 Nf4 30. f3 b5 31. Rc6 Nxd3 32. Rxa6 Re1+ 33. Kh2
Nf4 34. Rd6 Ne6 35. a4 bxa4 36. bxa4 Kf8 37. a5 Re5 38. Ra6 Rd5 39. Ra8+ Rd8
40. Rxd8+ Nxd8 41. Kg3 Ke7 42. Kf4 Kd6 43. Ke4 Kc5 44. Kd3 Nc6 45. a6 Nb4+ 46.
Kd2 Nxa6 47. g4 g5 0-1

[Event "Sparkassen-Open A"]
[Site "Heusenstamm, Martinsee"]
[Date "2015.11.28"]
[Round "5.66"]
[White "Zirlik, Rudi"]
[Black "Paeslack, Luis"]
[Result "1/2-1/2"]
[WhiteElo "1937"]
[BlackElo "1752"]
[PlyCount "83"]
[EventDate "2015.??.??"]
[WhiteTeam "SV Unterkochen"]
[BlackTeam "SK Mainaschaff"]

1. d4 Nf6 2. g3 c5 3. Bg2 g6 4. Nf3 Bg7 5. O-O Na6 6. d5 d6 7. c4 O-O 8. Nc3
Bf5 9. a3 Nc7 10. Re1 Nd7 11. Nh4 Nb6 12. Nxf5 gxf5 13. Qd3 Qd7 14. e4 fxe4 15.
Bxe4 f5 16. Bg2 e6 17. dxe6 Nxe6 18. Nd5 Rae8 19. Nxb6 axb6 20. Rb1 Nd4 21. Be3
Nc6 22. b4 Bd4 23. Bd5+ Kh8 24. Bh6 Bg7 25. Bf4 Be5 26. Bd2 Bg7 27. Bc3 f4 28.
Bxg7+ Qxg7 29. Bxc6 bxc6 30. Qxd6 fxg3 31. fxg3 Qd4+ 32. Qxd4+ cxd4 33. c5 bxc5
34. bxc5 Rxe1+ 35. Rxe1 Rf5 36. Rd1 Rxc5 37. Rxd4 Rc3 38. a4 c5 39. Rd7 c4 40.
a5 Ra3 41. Kf1 Rxa5 42. Rc7 1/2-1/2

[Event "Sparkassen-Open A"]
[Site "Heusenstamm, Martinsee"]
[Date "2015.11.28"]
[Round "5.67"]
[White "Illenberger, Dirk"]
[Black "Libuda, Thomas"]
[Result "0-1"]
[WhiteElo "1746"]
[BlackElo "1846"]
[PlyCount "86"]
[EventDate "2015.??.??"]
[WhiteTeam "FV Berkersheim"]
[BlackTeam "1. Hainstadter SC"]

1. e4 d6 2. d4 g6 3. Nc3 Bg7 4. Be3 Nf6 5. f3 O-O 6. Qd2 Nc6 7. h4 e5 8. d5 Ne7
9. Bh6 Nh5 10. g4 Bxh6 11. Qxh6 Nf4 12. h5 gxh5 13. gxh5 f5 14. Nh3 Nxh3 15.
Bxh3 Kh8 16. Rg1 Rf7 17. O-O-O Ng8 18. Qg5 Qxg5+ 19. Rxg5 f4 20. Bxc8 Rxc8 21.
Rdg1 a6 22. Nd1 Nf6 23. Nf2 Rg8 24. Rxg8+ Nxg8 25. Ng4 h6 26. c4 Rg7 27. Rh1
Rg5 28. Kd2 Kg7 29. Rh2 Nf6 30. Nxf6 Kxf6 31. a3 Rg1 32. Ke2 Kg5 33. Kf2 Rb1
34. Rg2+ Kxh5 35. Rg7 Rxb2+ 36. Kg1 c6 37. Rd7 cxd5 38. exd5 Rb6 39. a4 a5 40.
Rd8 Kh4 41. c5 dxc5 42. d6 c4 43. d7 Rd6 0-1

[Event "Sparkassen-Open A"]
[Site "Heusenstamm, Martinsee"]
[Date "2015.11.28"]
[Round "5.68"]
[White "Berner, Manfred"]
[Black "Midanka, Vladimir"]
[Result "1-0"]
[WhiteElo "1761"]
[BlackElo "1700"]
[PlyCount "91"]
[EventDate "2015.??.??"]
[WhiteTeam "Sfr. Kelkheim"]
[BlackTeam "vereinslos"]

1. e4 g6 2. d4 Bg7 3. Nc3 d6 4. Be3 Nf6 5. f3 Nbd7 6. Qd2 O-O 7. O-O-O c6 8. g4
Qa5 9. Kb1 b5 10. Bh6 b4 11. Nce2 c5 12. Bxg7 Kxg7 13. Nc1 Qc7 14. g5 Nh5 15.
dxc5 dxc5 16. Bc4 a5 17. c3 Rb8 18. Nge2 Ne5 19. Bb3 Nxf3 20. Qe3 Ne5 21. Rd5
Nd7 22. Rhd1 e6 23. R5d2 Nb6 24. cxb4 axb4 25. Rc2 Nd7 26. Ng3 Nf4 27. h4 e5
28. h5 Ba6 29. Bc4 Bxc4 30. Rxc4 Ne6 31. Nd3 Nb6 32. Rcc1 Nd7 33. b3 Nd4 34.
Qf2 f6 35. hxg6 hxg6 36. Qe3 Qa7 37. gxf6+ Rxf6 38. Rh1 Ra8 39. Rh2 Nxb3 40.
Rg1 Kf7 41. Nxe5+ Ke6 42. Qxb3+ Kxe5 43. Qd5+ Kf4 44. Nh5+ gxh5 45. Rf2+ Ke3
46. Qd2+ 1-0

[Event "Sparkassen-Open A"]
[Site "Heusenstamm, Martinsee"]
[Date "2015.11.28"]
[Round "5.69"]
[White "Reichel, Günther"]
[Black "Bahlke, Florian"]
[Result "1/2-1/2"]
[WhiteElo "1745"]
[BlackElo "1836"]
[PlyCount "31"]
[EventDate "2015.??.??"]
[WhiteTeam "SC-SF Stockstadt"]
[BlackTeam "SF Dettingen"]

1. c4 Nf6 2. g3 e5 3. Bg2 Be7 4. Nc3 O-O 5. d3 d6 6. Nf3 Be6 7. Ng5 c6 8. Nxe6
fxe6 9. O-O Na6 10. Bd2 d5 11. a3 Rf7 12. b4 Qf8 13. Bh3 Nc7 14. Qb3 Rb8 15. b5
Bc5 16. Na4 1/2-1/2

[Event "Sparkassen-Open A"]
[Site "Heusenstamm, Martinsee"]
[Date "2015.11.28"]
[Round "5.70"]
[White "Christen, Stefan"]
[Black "Köllner, Felicitas Ophelia"]
[Result "0-1"]
[WhiteElo "1820"]
[BlackElo "1682"]
[PlyCount "74"]
[EventDate "2015.??.??"]
[WhiteTeam "SV Wesel"]
[BlackTeam "SV Bergneustadt/Derschlag"]

1. Nf3 d6 2. b3 Nf6 3. d4 Nbd7 4. Bb2 e6 5. e3 Be7 6. Bd3 O-O 7. O-O c5 8. Nbd2
b6 9. c4 Bb7 10. Rc1 cxd4 11. Nxd4 Rc8 12. Bb1 d5 13. a3 Bd6 14. h3 Be5 15. b4
Bb8 16. Qb3 Qc7 17. g3 Qd6 18. Nb5 Qc6 19. cxd5 Qxb5 20. Rxc8 Rxc8 21. dxe6
fxe6 22. Qxe6+ Kh8 23. Bxf6 Nxf6 24. Qf7 Qd5 25. Qxd5 Bxd5 26. e4 Be6 27. Kg2
Rd8 28. Nf3 h6 29. Re1 Kg8 30. e5 Nd5 31. Rc1 Rc8 32. Re1 Rc3 33. Nd4 Bd7 34.
e6 Be8 35. Nf5 Rxa3 36. Rd1 Bc6 37. Ne7+ Nxe7+ 0-1

[Event "Sparkassen-Open A"]
[Site "Heusenstamm, Martinsee"]
[Date "2015.11.28"]
[Round "5.71"]
[White "Reinhold, Günther"]
[Black "Weiland, Thomas"]
[Result "1/2-1/2"]
[WhiteElo "1713"]
[BlackElo "1812"]
[PlyCount "57"]
[EventDate "2015.??.??"]
[WhiteTeam "Frankfurter TV"]
[BlackTeam "SV Oberursel"]

1. e4 d5 2. exd5 Qxd5 3. Nc3 Qd8 4. d4 Nf6 5. Nf3 Bf5 6. Be2 e6 7. h3 Be7 8.
Be3 c6 9. Nh4 Bg6 10. Nxg6 hxg6 11. Qd2 Nbd7 12. a3 Nb6 13. Rc1 Nfd5 14. Nxd5
Nxd5 15. c4 Nxe3 16. fxe3 Bh4+ 17. Kd1 O-O 18. Kc2 a5 19. Kb1 e5 20. Bf3 Rb8
21. Rhd1 exd4 22. Qxd4 b6 23. Qxd8 Rfxd8 24. Rxd8+ Rxd8 25. c5 bxc5 26. Rxc5
Be1 27. Rc1 Bf2 28. Rc5 Be1 29. Rc1 1/2-1/2

[Event "Sparkassen-Open A"]
[Site "Heusenstamm, Martinsee"]
[Date "2015.11.28"]
[Round "5.72"]
[White "Leichum, Engelbert"]
[Black "Neubauer, Robert"]
[Result "1/2-1/2"]
[WhiteElo "1670"]
[BlackElo "1810"]
[PlyCount "42"]
[EventDate "2015.??.??"]
[WhiteTeam "vereinslos"]
[BlackTeam "SK Bad Homburg"]

1. e4 e5 2. Bc4 Nf6 3. Nf3 Nc6 4. d4 exd4 5. O-O Nxe4 6. Re1 d5 7. Bb3 Bc5 8.
Ng5 O-O 9. Nxe4 dxe4 10. Rxe4 Bf5 11. Rf4 Bg6 12. Nd2 Bd6 13. Rf3 Bh5 14. Ne4
Ne5 15. Ng3 Nxf3+ 16. gxf3 Qh4 17. Qd3 Bg6 18. Qc4 Kh8 19. c3 c5 20. Be3 f5 21.
cxd4 cxd4 1/2-1/2

[Event "Sparkassen-Open A"]
[Site "Heusenstamm, Martinsee"]
[Date "2015.11.28"]
[Round "5.73"]
[White "Wilk, David"]
[Black "Berkes, Jörg"]
[Result "0-1"]
[WhiteElo "1668"]
[BlackElo "1789"]
[PlyCount "84"]
[EventDate "2015.??.??"]
[WhiteTeam "SF Mainz"]
[BlackTeam "SK Langen"]

1. e4 e6 2. d4 d5 3. Nd2 h6 4. c3 Nf6 5. exd5 exd5 6. Ngf3 Bd6 7. Bd3 O-O 8.
O-O Bg4 9. h3 Bh5 10. Re1 Nbd7 11. b4 c6 12. a4 a5 13. bxa5 Qxa5 14. Ba3 Bxa3
15. Rxa3 Rfe8 16. Rxe8+ Rxe8 17. Qc2 Qc7 18. g4 Bxg4 19. hxg4 Nxg4 20. Ra1 Ndf6
21. Bf5 Qf4 22. Qd3 Ne4 23. Bxg4 Qxg4+ 24. Kf1 Qh3+ 25. Kg1 Nxd2 26. Qxd2 Qxf3
27. Re1 Rxe1+ 28. Qxe1 Qe4 29. Qd2 h5 30. a5 h4 31. Kh2 Qf3 32. Kg1 h3 33. Qg5
Qg2+ 34. Qxg2 hxg2 35. Kxg2 Kf8 36. Kf3 Ke7 37. Kf4 Kf6 38. Ke3 Kf5 39. Kd3 g5
40. c4 g4 41. cxd5 cxd5 42. Ke3 f6 0-1

[Event "Sparkassen-Open A"]
[Site "Heusenstamm, Martinsee"]
[Date "2015.11.28"]
[Round "5.74"]
[White "van Foreest, Pieter"]
[Black "Füssel, Jan Michael"]
[Result "1-0"]
[WhiteElo "1661"]
[BlackElo "1788"]
[PlyCount "45"]
[EventDate "2015.??.??"]
[WhiteTeam "vereinslos"]
[BlackTeam "VSG Offenbach"]

1. e4 c5 2. Nf3 Nc6 3. d4 cxd4 4. c3 dxc3 5. Nxc3 d6 6. Bc4 Nf6 7. O-O g6 8.
Re1 Be6 9. Bxe6 fxe6 10. Qb3 Qd7 11. Bf4 e5 12. Be3 Na5 13. Qb4 Nc6 14. Qb3 Ng4
15. Ng5 Nd8 16. Rac1 Bg7 17. Nd5 Rc8 18. Rxc8 Qxc8 19. Rc1 Qb8 20. Nc7+ Kf8 21.
Nce6+ Nxe6 22. Qxe6 Qe8 23. Rc8 1-0

[Event "Sparkassen-Open A"]
[Site "Heusenstamm, Martinsee"]
[Date "2015.11.28"]
[Round "5.75"]
[White "Bitzer, André"]
[Black "Laufenburg, Frank"]
[Result "1-0"]
[WhiteElo "1617"]
[BlackElo "1768"]
[PlyCount "55"]
[EventDate "2015.??.??"]
[WhiteTeam "SV Griesheim"]
[BlackTeam "SC Bergen-Enkheim"]

1. b3 e5 2. Bb2 Nc6 3. Nf3 d6 4. d4 exd4 5. Nxd4 Nxd4 6. Qxd4 Nf6 7. c4 Bf5 8.
Nc3 Be7 9. e4 Bg6 10. Bd3 O-O 11. O-O a6 12. Rfe1 Nd7 13. Nd5 Bf6 14. Nxf6+
Qxf6 15. Qxf6 gxf6 16. Rad1 Rfe8 17. Bb1 Re7 18. f3 Rae8 19. Kf2 h6 20. Bc2 Ne5
21. Bc3 Kg7 22. f4 Nd7 23. f5 Bh7 24. Rd3 Bxf5 25. exf5 Nc5 26. Rg3+ Kh7 27.
Rxe7 Rxe7 28. Bxf6 1-0

[Event "Sparkassen-Open A"]
[Site "Heusenstamm, Martinsee"]
[Date "2015.11.28"]
[Round "5.76"]
[White "Schwarz, Matthias"]
[Black "Bunjaku, Lulzim"]
[Result "0-1"]
[WhiteElo "1641"]
[BlackElo "1766"]
[PlyCount "46"]
[EventDate "2015.??.??"]
[WhiteTeam "SG Idstein"]
[BlackTeam "SC Heusenstamm"]

1. e4 c5 2. Nf3 Nc6 3. d4 cxd4 4. Nxd4 e5 5. Nb5 d6 6. N1c3 a6 7. Na3 f5 8.
exf5 Bxf5 9. Bd3 Bxd3 10. Qxd3 Nf6 11. O-O Be7 12. Bg5 O-O 13. Rad1 h6 14. Bxf6
Rxf6 15. Nd5 Rf7 16. Nxe7+ Qxe7 17. Qxd6 Qg5 18. Nc4 Raf8 19. c3 Qh4 20. Qd5
Kh8 21. f3 Qg5 22. Qd2 Qh4 23. Qe1 Qxc4 0-1

[Event "Sparkassen-Open A"]
[Site "Heusenstamm, Martinsee"]
[Date "2015.11.28"]
[Round "5.77"]
[White "Zerhusen, Martin"]
[Black "Masoudi, Kian"]
[Result "1-0"]
[WhiteElo "1762"]
[BlackElo "1568"]
[PlyCount "120"]
[EventDate "2015.??.??"]
[WhiteTeam "SV Oberursel"]
[BlackTeam "SC Bergen-Enkheim"]

1. d4 Nf6 2. c4 c5 3. d5 e6 4. Nc3 exd5 5. Nxd5 Nxd5 6. Qxd5 Nc6 7. a3 d6 8. e3
Be7 9. Nf3 Be6 10. Qd1 O-O 11. Bd2 Re8 12. Be2 Bf6 13. Qc2 Bg4 14. Rd1 Bxf3 15.
Bxf3 Nd4 16. Qc1 Nxf3+ 17. gxf3 Qb6 18. Bc3 Bh4 19. Kf1 Re6 20. Rg1 Rg6 21.
Rxg6 fxg6 22. Qd2 Rd8 23. Qd5+ Kh8 24. Qf7 Rg8 25. Qd7 Qb3 26. Rxd6 Qxc4+ 27.
Kg2 Bg5 28. Qxb7 Bh6 29. Qxa7 Rf8 30. Qe7 Rg8 31. Rd8 Qb3 32. Rf8 g5 33. Qe8 g4
34. Rxg8+ Qxg8 35. Qxg8+ Kxg8 36. fxg4 Bg5 37. Ba5 Bf6 38. b3 Kf7 39. Kf3 Ke6
40. Ke4 Be5 41. f4 Bb2 42. a4 g6 43. Bb6 Kd6 44. Kd3 Bc1 45. f5 gxf5 46. gxf5
Kc6 47. Bd8 Kd7 48. Bf6 Ba3 49. Kc4 Kc6 50. e4 Bc1 51. Bg7 Bf4 52. f6 Bxh2 53.
f7 Bd6 54. f8=Q Bxf8 55. Bxf8 h5 56. Be7 Kd7 57. Bxc5 h4 58. Bg1 h3 59. Kd5 h2
60. Bxh2 Kc8 1-0

[Event "Sparkassen-Open A"]
[Site "Heusenstamm, Martinsee"]
[Date "2015.11.28"]
[Round "5.78"]
[White "Held, Maurice"]
[Black "Weber, Detlef"]
[Result "1/2-1/2"]
[WhiteElo "1804"]
[BlackElo "1644"]
[PlyCount "42"]
[EventDate "2015.??.??"]
[WhiteTeam "SC Ladja Roßdorf"]
[BlackTeam "SC Höxter"]

1. c4 c6 2. Nf3 Nf6 3. Nc3 e6 4. g3 d5 5. cxd5 exd5 6. d4 Bd6 7. Bg2 h6 8. O-O
O-O 9. a3 Re8 10. b4 Bf5 11. Bb2 Nbd7 12. Rc1 Nb6 13. Nd2 Qd7 14. Re1 a5 15.
bxa5 Rxa5 16. Qb3 Ra6 17. Rf1 Rea8 18. a4 Nc8 19. Ba3 Rb6 20. Qa2 Bxa3 21. Qxa3
Qd6 1/2-1/2

[Event "Sparkassen-Open A"]
[Site "Heusenstamm, Martinsee"]
[Date "2015.11.28"]
[Round "5.79"]
[White "Lanz, Udo"]
[Black "van Foreest, Machteld"]
[Result "1-0"]
[WhiteElo "1781"]
[BlackElo "1592"]
[PlyCount "97"]
[EventDate "2015.??.??"]
[WhiteTeam "VSG Offenbach"]
[BlackTeam "Schaakclub Haren"]

1. e4 e5 2. Nf3 Nc6 3. Bc4 Bc5 4. c3 Nf6 5. d4 exd4 6. O-O d6 7. cxd4 Bb6 8.
Bg5 Bg4 9. d5 Ne5 10. Be2 h6 11. Bxf6 gxf6 12. Nxe5 Bxe2 13. Qxe2 fxe5 14. Nc3
Qg5 15. Qb5+ Ke7 16. Ne2 Rhg8 17. Ng3 Kd8 18. Qe2 Kd7 19. Qf3 Raf8 20. Nf5 Kd8
21. g3 h5 22. h3 h4 23. g4 Rg6 24. Rfd1 Rf6 25. b4 Bd4 26. Rab1 Rg8 27. a4 c6
28. dxc6 bxc6 29. Qe2 c5 30. bxc5 Bxc5 31. Qb5 Bb6 32. Qc6 Rgg6 33. Rbc1 Rxf5
34. Qc8+ Ke7 35. exf5 Rg8 36. Qb7+ Kf6 37. Rxd6+ Kg7 38. Rcd1 Qf4 39. Qg2 Qg3
40. Rxb6 Qxg2+ 41. Kxg2 axb6 42. Rb1 Rb8 43. Rb5 f6 44. a5 Kf7 45. Rxb6 Ra8 46.
a6 Ke7 47. Kf3 Kf7 48. Rb7+ Kf8 49. a7 1-0

[Event "Sparkassen-Open A"]
[Site "Heusenstamm, Martinsee"]
[Date "2015.11.28"]
[Round "5.80"]
[White "Friedel, Thomas"]
[Black "Fischer, Lutz"]
[Result "1-0"]
[WhiteElo "1615"]
[BlackElo "1729"]
[PlyCount "51"]
[EventDate "2015.??.??"]
[WhiteTeam "SV Groß-Gerau"]
[BlackTeam "SF Frankfurt"]

1. e4 e6 2. d4 d5 3. exd5 exd5 4. Bd3 Nc6 5. c3 Bd6 6. Ne2 Qh4 7. Be3 Bg4 8.
Nd2 O-O-O 9. Qb3 Nge7 10. Nf4 Bxf4 11. Bxf4 Rhe8 12. O-O Bf5 13. Bg3 Qh6 14.
Qc2 Bxd3 15. Qxd3 Kb8 16. Rfe1 f5 17. Qe3 g5 18. f4 g4 19. Qd3 Qf6 20. Re3 h5
21. Rae1 Rh8 22. Re6 Qf7 23. Bh4 Ng6 24. Bxd8 Nxf4 25. Bxc7+ Kxc7 26. Qg3 1-0